00258nam a22000737a 4500008004100000040005500041245002600096260006200122240802b |||||||| |||| 00| 0 eng d aNational Science LibrarycNational Science Library aAnaliza imunochimica  aRomania:bEditura Academiei Republicii Socialiste, c1966